Efecto de la granulometría de plásticos en las mezclas asfálticas modificadas con materiales de desecho
Shranjeno v:
| Glavni avtor: | |
|---|---|
| Drugi avtorji: | |
| Format: | Knjiga |
| Jezik: | Spanish |
| Izdano: |
[San José], Costa Rica
2022.
|
| Teme: | |
| Oznake: |
Označite
Brez oznak, prvi označite!
|
MARC
| LEADER | 00000nam a2200000Ia 4500 | ||
|---|---|---|---|
| 003 | 013675 | ||
| 005 | 20230713081523.0 | ||
| 008 | 140114s2022 cr a 000 ||spa d | ||
| 040 | |c cru CEDI | ||
| 100 | |a González Vargas, Eliécer, 1998- |9 948 | ||
| 245 | |a Efecto de la granulometría de plásticos en las mezclas asfálticas modificadas con materiales de desecho | ||
| 260 | |a [San José], Costa Rica |c 2022. | ||
| 500 | |a Proyecto de graduación (licenciatura en ingeniería civil)--Universidad de Costa Rica. Facultad de Ingeniería. Escuela de Ingeniería Civil | ||
| 501 | |a Director del proyecto de graduación: Ing. José Pablo Aguiar Moya, PhD | ||
| 650 | |x ASFALTO - MEZCLAS |x APROVECHAMIENTO DE RESIDUOS |x GRANULOMETRIA |x PAVIMENTOS DE ASFALTO - EVALUACION |x RESIDUOS DE PLASTICO - REUTILIZACION | ||
| 700 | |9 135 |a Aguiar Moya, José Pablo, 1981- |d Director del TFG | ||
| 942 | |c CEDI |h TFG 8826 |6 TFG_8826_000000000000000 | ||
| 999 | |c 15475 |d 15475 | ||
